000 00823nam a2200241 a 4500
003 MX-MxUPN
005 20260221063939.0
008 991125s1967 ag r 000 0 spa d
035 _aUPN01000024464
040 _aMX-MxUPN
_bspa
_cMX-MxUPN
041 1 _aspa
050 1 4 _aLB42
_bP438 1967
245 0 0 _aFilosofía de la educación
250 _aSexta edición.
260 _aBuenos Aires :
_bLosada,
_c1967.
300 _a269 páginas
490 0 _aPublicaciones de la Revista de Pedagógia. Biblioteca pedagógica
500 _aTraducción de: Philosophies of education
650 4 _aEducación
_xFilosofía
_94994
700 1 _aKilpatrick, William Heard,
_d1871-1965‡
_928830
710 2 _aCentro Nacional de Documentación e Información Educativa (México)
_951353
_epropietario anterior
942 _2lcc
_cLIBRO
999 _c24464
_d24464